[Event "AUTO-OPEN-4367"]
[Site "http://www.queenalice.com/game.php?id=1788688"]
[Date "2022.5.10"]
[Round "1"]
[White "MaxCavalera"]
[Black "dosoldini"]
[Result "1-0"]
[WhiteElo "1142"]
[BlackElo "1553"]

1. f4 d5 2. Nf3 Nf6 3. e3 Bd7 4. h3 Nc6 5. d4 Ne4 6. g4 e6 7. a3 a6 8. Bd3 Be7
9. Nc3 Bh4+ 10. Kf1 Nf2 11. Qe1 Bg3 12. Rg1 Ne4 13. Qe2 Bf2 14. Rg2 Bh4 15. g5
Ng3+ 16. Rxg3 Bxg3 17. Qg2 h5 18. Qxg3 Qe7 19. h4 g6 20. b4 b5 21. Bb2 Rg8 22.
e4 f5 23. exf5 gxf5 24. Re1 Nxb4 25. axb4 Qxb4 26. Nxd5 O-O-O 27. Nxb4 1-0

[Event "AUTO-OPEN-4367"]
[Site "http://www.queenalice.com/game.php?id=1788705"]
[Date "2022.5.10"]
[Round "1"]
[White "TammieM3ENF"]
[Black "MaxCavalera"]
[Result "0-1"]
[WhiteElo "994"]
[BlackElo "1129"]

1. h4 e5 2. g3 d5 3. e3 a6 4. a4 Nf6 5. b4 Bxb4 6. c3 Ba5 7. Nh3 O-O 8. f4 Bg4
9. Be2 Bxe2 10. Qxe2 exf4 11. gxf4 Re8 12. Rh2 Nc6 13. Ra2 h6 14. d3 Re6 15. e4
dxe4 16. dxe4 Rxe4 17. Nd2 Rxe2+ 18. Rxe2 Bxc3 19. h5 Nb4 20. Ra3 Nc2+ 21. Kd1
Nxa3 22. Bxa3 Ne4 23. Rxe4 Qxd2# 0-1

[Event "AUTO-OPEN-4369"]
[Site "http://www.queenalice.com/game.php?id=1789245"]
[Date "2022.5.20"]
[Round "1"]
[White "mvson33"]
[Black "MaxCavalera"]
[Result "1-0"]
[WhiteElo "2033"]
[BlackElo "1328"]

1. e4 e5 2. Nf3 Nc6 3. Bc4 h6 4. Nc3 Bc5 5. O-O a6 6. Bb3 d6 7. d3 Nf6 8. h3 Be6
9. Bxe6 fxe6 10. Be3 Bxe3 11. fxe3 g5 12. Rf2 Qe7 13. Qe2 g4 14. hxg4 Nxg4 15.
Rff1 h5 16. Nh2 Nxh2 17. Kxh2 O-O-O 18. Rf2 Qg5 19. Raf1 h4 20. Rf3 Rdg8 21.
R1f2 h3 22. g3 Ne7 23. Qf1 b6 24. Qg1 Kb7 25. d4 exd4 26. exd4 Nc6 27. Ne2 Qg6
28. Rf4 1-0

[Event "AUTO-OPEN-4369"]
[Site "http://www.queenalice.com/game.php?id=1789246"]
[Date "2022.5.20"]
[Round "1"]
[White "MaxCavalera"]
[Black "mvson33"]
[Result "1-0"]
[WhiteElo "1208"]
[BlackElo "1891"]

1. f4 e6 2. Nf3 d5 3. d4 Nf6 4. Nc3 Bb4 5. Bd2 O-O 6. a3 Ba5 7. b4 Bb6 8. e3 a6
9. Bd3 Bd7 10. O-O Ba7 11. Ne5 b6 12. Be1 c5 13. Bh4 cxd4 14. Ng4 Bc6 15. Nxf6+
gxf6 16. Qh5 1-0

[Event "AUTO-OPEN-4369"]
[Site "http://www.queenalice.com/game.php?id=1789269"]
[Date "2022.5.20"]
[Round "1"]
[White "MaxCavalera"]
[Black "cerenzo72"]
[Result "1-0"]
[WhiteElo "1298"]
[BlackElo "2157"]

1. f4 d5 2. Nf3 g6 3. d4 Bg7 4. e3 Nf6 5. Bd3 O-O 6. Nc3 e6 7. Ne5 Nbd7 8. O-O
c5 9. Na4 c4 10. Be2 b5 11. Nc3 b4 12. Na4 a5 13. c3 Ne4 14. Bf3 Nd6 15. Bd2
bxc3 16. Bxc3 Nf5 17. Qe1 Bb7 18. Nxd7 Qxd7 19. Nb6 Qc7 20. Nxa8 Rxa8 21. b3 Nd6
22. Rf2 Nb5 23. bxc4 Qxc4 24. Bxa5 Na3 25. Qb4 Qxb4 26. Bxb4 Nc4 27. Re2 Ba6 28.
Ree1 Bf6 29. Kf2 Nb2 30. Be2 Bxe2 31. Kxe2 Rc8 32. Rec1 Rb8 33. Bd6 Rb6 34. Rc8+
Kg7 35. Bf8+ Kg8 36. Bh6+ 1-0

[Event "AUTO-OPEN-4369"]
[Site "http://www.queenalice.com/game.php?id=1789270"]
[Date "2022.5.20"]
[Round "1"]
[White "cerenzo72"]
[Black "MaxCavalera"]
[Result "1-0"]
[WhiteElo "2128"]
[BlackElo "1142"]

1. e4 e5 2. Nf3 d6 3. d4 exd4 4. Qxd4 Qf6 5. e5 dxe5 6. Qxe5+ Qxe5+ 7. Nxe5 Bd6
8. Nc4 Bb4+ 9. c3 Bc5 10. b4 Bb6 11. a4 a6 12. a5 Ba7 13. Bf4 c6 14. Nd6+ Kf8
15. Nxc8 Nd7 16. Nd6 Bb8 17. Bc4 g5 18. Nxf7 1-0

[Event "Challenge"]
[Site "http://www.queenalice.com/game.php?id=1789434"]
[Date "2022.5.23"]
[Round "-"]
[White "game"]
[Black "MaxCavalera"]
[Result "0-1"]
[WhiteElo "1276"]
[BlackElo "1170"]

1. e4 e5 2. Nf3 Nc6 3. Bc4 h6 4. O-O Bc5 5. a4 a6 6. d3 Nf6 7. d4 Bxd4 8. c3 Ba7
9. b4 d6 10. Nbd2 g5 11. b5 axb5 12. Bxb5 Bd7 13. Bc4 g4 14. Nh4 Nxe4 15. Nxe4
Qxh4 16. Re1 f5 17. Ng3 O-O-O 18. Bf7 f4 19. Ne4 g3 20. Nxg3 fxg3 21. h3 gxf2+
22. Kh2 fxe1=Q 23. g3 Qxh3# 0-1

[Event "Challenge"]
[Site "http://www.queenalice.com/game.php?id=1789513"]
[Date "2022.5.25"]
[Round "-"]
[White "MaxCavalera"]
[Black "game"]
[Result "1-0"]
[WhiteElo "1190"]
[BlackElo "1233"]

1. f4 Nf6 2. e3 Ne4 3. d3 Nc5 4. Nc3 d6 5. d4 Nca6 6. Bxa6 bxa6 7. Qf3 e5 8.
Qxa8 Qh4+ 9. g3 Qg4 10. Qxb8 Be7 11. dxe5 O-O 12. Qxc7 Bd8 13. Qxd6 Qf3 14. Nxf3
Be7 15. Qxe7 g6 16. Ng5 h6 17. Nh7 Be6 18. Nxf8 g5 19. Nxe6 fxe6 20. Qxe6+ Kh7
21. Qf7+ Kh8 22. Nd5 gxf4 23. Ne7 f3 24. Qg8# 1-0

[Event "AUTO-BEG-681"]
[Site "http://www.queenalice.com/game.php?id=1790785"]
[Date "2022.6.14"]
[Round "1"]
[White "paloberto2"]
[Black "MaxCavalera"]
[Result "1-0"]
[WhiteElo "1228"]
[BlackElo "1326"]

1. d4 d5 2. c4 e6 3. Nc3 dxc4 4. e4 Bd7 5. Bxc4 a6 6. Nf3 Bb4 7. a3 Ba5 8. b4
Bb6 9. O-O Ne7 10. Bg5 h6 11. Bh4 O-O 12. Ne5 Nbc6 13. Nxd7 Qxd7 14. d5 1-0

[Event "AUTO-BEG-681"]
[Site "http://www.queenalice.com/game.php?id=1790786"]
[Date "2022.6.14"]
[Round "1"]
[White "MaxCavalera"]
[Black "paloberto2"]
[Result "0-1"]
[WhiteElo "1328"]
[BlackElo "1206"]

1. f4 d5 2. e3 Nf6 3. d4 Bg4 4. Be2 h5 5. h3 Bxe2 6. Nxe2 Ne4 7. Nbc3 f5 8. Nxe4
fxe4 9. O-O e6 10. b3 Bd6 11. c4 b6 12. f5 Qe7 13. fxe6 Qxe6 0-1